| 000 | 00527nam a2200193Ia 4500 | ||
|---|---|---|---|
| 003 | GCL | ||
| 008 | 140319s9999 xx 000 0 eng d | ||
| 040 |
_aGCL / _cGCL |
||
| 082 | 0 | 4 |
_a747.797 _bW K |
| 100 | 1 | _aWINCHESTER, KENNETH | |
| 245 | 1 | 0 |
_aKITCHENS AND BATHROOMS: PLANNING AND REMODELING / _cWINCHESTER, KENNETH |
| 260 |
_a[S.N] : _bSUNSET PUBLISHING COPERATION ، _c1996 |
||
| 300 | _a116 | ||
| 490 |
_aSUNSET _v0 |
||
| 650 | 0 | 4 | _aINTERIOR DECORATION |
| 650 | 0 | 4 | _aBATHROOMS |
| 650 | 0 | 4 | _aKITCHENS |
| 942 |
_2ddc _cBK |
||
| 999 |
_c13823 _d13823 |
||